[Event "It'll all be over by Christmas"]
[Site "SchemingMind.com"]
[Date "2014.08.07"]
[Round "-"]
[White "cnile"]
[Black "klapa"]
[Result "1-0"]
[WhiteCountry "SCO"]
[BlackCountry "POL"]
[WhiteElo "1546"]
[WhiteRD "66"]
[BlackElo "1404"]
[BlackRD "61"]
[GameID "362643"]

1. e4 e5 2. Nf3 Nc6 3. Bb5 Nd4 4. Nxd4 exd4 5. d3 Bc5 6. Nd2 Nh6 7. Nf3 O-O 8. Bc4 d6 9. h3 c6 10. a3 d5
11. exd5 cxd5 12. Bb3 Qa5+ 13. Bd2 Qc7 14. O-O Bb6 15. Bxd5 Qd6 16. Bb3 Bc7 17. Re1 Ng4 18. hxg4 Bxg4 19. Re4 Bxf3 20. gxf3 Qh2+
21. Kf1 Rad8 22. Ke2 Bg3 23. Qg1 h5 24. Qxh2 Bxh2 25. Rh1 Bc7 26. Rxh5 g6 27. Rh1 b6 28. Reh4 Rfe8+ 29. Kd1 Be5 30. f4 Bf6
31. Rh7 a5 32. Bxf7+ Kf8 33. Bxe8 Rxe8 34. f5 gxf5 35. Bh6+ Kg8 36. Rb7 Be5 37. Rg1+ Kh8 38. Rh1 b5 39. Bg7+ Kg8 40. Rh8#
1-0

[Event "It'll all be over by Christmas"]
[Site "SchemingMind.com"]
[Date "2014.08.06"]
[Round "-"]
[White "klapa"]
[Black "cnile"]
[Result "0-1"]
[WhiteCountry "POL"]
[BlackCountry "SCO"]
[WhiteElo "1461"]
[WhiteRD "64"]
[BlackElo "1534"]
[BlackRD "72"]
[GameID "362644"]

1. b3 e5 2. Bb2 d6 3. e4 Nc6 4. Nf3 Nge7 5. Ng5 h6 6. Qh5 Ng6 7. Bc4 Qxg5 8. Qf3 Be6 9. Bxe6 fxe6 10. O-O Be7
11. Na3 a6 12. c4 Qxd2 13. Bc3 Qg5 14. Nc2 Rf8 15. Qe2 Nf4 16. Qe3 Qxg2#
0-1

[Event "It'll all be over by Christmas"]
[Site "SchemingMind.com"]
[Date "2014.08.12"]
[Round "-"]
[White "cnile"]
[Black "abuteague"]
[Result "0-1"]
[WhiteCountry "SCO"]
[BlackCountry "USA"]
[WhiteElo "1512"]
[WhiteRD "64"]
[BlackElo "1657"]
[BlackRD "69"]
[GameID "362742"]

1. e4 c6 2. c4 d5 3. exd5 cxd5 4. cxd5 Qxd5 5. Nc3 Qd8 6. Nf3 Bg4 7. Be2 e6 8. h3 Bxf3 9. Bxf3 Be7 10. d4 Nc6
11. O-O Nf6 12. Be3 O-O 13. a3 Rc8 14. Re1 h6 15. Rc1 Nd5 16. Nxd5 exd5 17. Qb3 Bf6 18. Bxd5 Nxd4 19. Bxd4 Rxc1 20. Rxc1 Bxd4
21. Qxb7 Qf6 22. Bf3 Bxb2 23. Rb1 Bd4 24. a4 Qf5 25. Rb5 Qc2 26. Rb3 Qxf2+ 27. Kh2 Be5+ 28. Kh1 Qf1#
0-1

[Event "It'll all be over by Christmas"]
[Site "SchemingMind.com"]
[Date "2014.08.09"]
[Round "-"]
[White "abuteague"]
[Black "cnile"]
[Result "1-0"]
[WhiteCountry "USA"]
[BlackCountry "SCO"]
[WhiteElo "1657"]
[WhiteRD "69"]
[BlackElo "1512"]
[BlackRD "64"]
[GameID "362743"]

1. d4 d5 2. c4 e6 3. Nc3 Nf6 4. Nf3 c6 5. e3 Nbd7 6. Bd3 Bb4 7. Bd2 Bd6 8. c5 Bc7 9. O-O O-O 10. Qc2 h6
11. b4 a6 12. a4 Re8 13. b5 axb5 14. axb5 Rxa1 15. Rxa1 Nf8 16. bxc6 bxc6 17. h3 Bd7 18. Na4 e5 19. dxe5 Bxe5 20. Bc3 Bxc3
21. Qxc3 Ne4 22. Bxe4 Rxe4 23. Nb6 Qc7 24. Nxd7 Qxd7 25. Nd4 Qe7 26. Nxc6 Qc7 27. Nd4 Ne6 28. Ra8+ Kh7 29. Qd3 Nxc5 30. Qb1 Qb7
31. Qxb7 Nxb7 32. Ra7 Nd6 33. Rd7 Re7 34. Rxe7
1-0

[Event "It'll all be over by Christmas"]
[Site "SchemingMind.com"]
[Date "2014.08.08"]
[Round "-"]
[White "abuteague"]
[Black "klapa"]
[Result "0-1"]
[WhiteCountry "USA"]
[BlackCountry "POL"]
[WhiteElo "1657"]
[WhiteRD "69"]
[BlackElo "1465"]
[BlackRD "59"]
[GameID "362744"]

1. d4 d5 2. c4 dxc4 3. Nf3 Nc6 4. Nc3 Be6 5. d5 Bf5 6. dxc6 Qxd1+ 7. Nxd1 Bc2 8. cxb7 Rb8 9. Nc3 Rxb7 10. e3 e6
11. Bxc4 Nf6 12. O-O Rb4 13. Bb5+ c6 14. Bxc6+ Ke7 15. Nd4 Bd3 16. Rd1 Bc4 17. a3 Rb8 18. b4 g6 19. Bb2 Bh6 20. Ne4 Nxe4
21. Nf3 Rhc8 22. Bxe4 a5 23. Ne5 Be2 24. Rd7+ Kf8 25. Rxf7+ Kg8 26. Rb7 Rxb7 27. Bxb7 Rc2 28. bxa5 Rxb2 29. a6 Bxa6 30. Bxa6 Bg7
31. f4 g5 32. a4 gxf4 33. exf4 Rb4 34. Bb5 Rxf4 35. Re1 Rf5 36. Nc6 Bf8 37. Rxe6 Bc5+
0-1

[Event "It'll all be over by Christmas"]
[Site "SchemingMind.com"]
[Date "2014.08.12"]
[Round "-"]
[White "klapa"]
[Black "abuteague"]
[Result "0-1"]
[WhiteCountry "POL"]
[BlackCountry "USA"]
[WhiteElo "1465"]
[WhiteRD "59"]
[BlackElo "1657"]
[BlackRD "69"]
[GameID "362745"]

1. e4 c6 2. d4 d5 3. e5 c5 4. Nf3 Nc6 5. Bb5 Bf5 6. dxc5 e6 7. Bg5 Be7 8. O-O Bxg5 9. h4 Bh6 10. Nc3 Ne7
11. a4 O-O 12. Nd4 Nxd4 13. Qxd4 Bxc2 14. Rae1 Nc6 15. Bxc6 bxc6 16. Ne2 Qa5 17. Nc3 Rab8 18. b4 Qxb4 19. Qxb4 Rxb4 20. Ra1 Rc4
21. Rac1 Bxc1 22. Rxc1 Rxc3 23. f4 Rxc5 24. a5 Rc4 25. Rf1 Rb8 26. Kh2 Rbb4 27. g4 Rxf4 28. Rxf4 Rxf4 29. Kh3 d4 30. h5 d3
31. Kh4 d2 32. Kg5 Re4 33. a6 d1=Q 34. h6 Qxg4#
0-1

[Event "It'll all be over by Christmas"]
[Site "SchemingMind.com"]
[Date "2014.08.13"]
[Round "-"]
[White "mochiron"]
[Black "cnile"]
[Result "1/2-1/2"]
[WhiteCountry "JPN"]
[BlackCountry "SCO"]
[WhiteElo "1443"]
[WhiteRD "68"]
[BlackElo "1521"]
[BlackRD "69"]
[GameID "362812"]

1. d4 d5 2. Bf4 Nf6 3. Nf3 c5 4. e3 Nc6 5. dxc5 e6 6. Be2 Bxc5 7. Nd4 Nxd4 8. exd4 Bb4+ 9. Nc3 Bd7 10. a3 Ba5
11. O-O a6 12. Bh5 Rc8 13. Be5 Bc7 14. Bxf6 Qxf6 15. f4 O-O 16. Ne2 Bb5 17. Ng3 Bb6 18. c3 Bxf1 19. Qxf1 Bd8 20. Be2 b5
21. Bd3 Bc7 22. Ne2 Qe7 23. b4 Qh4 24. g3 Qg4 25. Re1 h6 26. Qg2 f5 27. Kf1 Bb6 28. h3 Qg6 29. Ng1 Rxc3 30. Rd1 Rfc8
31. Be2 Qf6 32. g4 fxg4 33. Bxg4 Qxf4+ 34. Qf2 Qxf2+ 35. Kxf2 Rf8+ 36. Nf3 e5 37. Ke2 Bxd4 38. Nxd4 exd4 39. Rxd4 Rxa3 40. Rxd5 Rf4
41. Rd3 Rxd3 42. Kxd3 Rxb4 43. Kc3 Rb1 44. h4 Kf8 45. Bc8 a5 46. Bf5 Ke7 47. Bxb1 Kd6 48. Be4 Ke6 49. Bc6 b4+ 50. Kb3 Kf5
51. Ka4 Kg4 52. Kxa5 Kxh4 53. Kxb4 g5 54. Kc3 Kg3 55. Kd3 h5 56. Ke4 g4 57. Kf5 h4 58. Kg5 h3 59. Kf5 Kh4 60. Kf4 h2
61. Be4 Kh3 62. Bh1 g3 63. Kf3 g2 64. Bxg2+=
1/2-1/2

[Event "It'll all be over by Christmas"]
[Site "SchemingMind.com"]
[Date "2014.08.13"]
[Round "-"]
[White "cnile"]
[Black "mochiron"]
[Result "1-0"]
[WhiteCountry "SCO"]
[BlackCountry "JPN"]
[WhiteElo "1520"]
[WhiteRD "68"]
[BlackElo "1406"]
[BlackRD "68"]
[GameID "362813"]

1. Nf3 Nc6 2. e4 e5 3. Bb5 a6 4. Ba4 Be7 5. c3 b5 6. Bc2 Nf6 7. d3 O-O 8. O-O Bb7 9. Nbd2 Bc5 10. h3 Ne7
11. Re1 h6 12. Nxe5 Ng6 13. Ng4 Nxg4 14. Qxg4 Ne5 15. Qg3 Ng6 16. Nf3 d5 17. d4 dxe4 18. Bxe4 Be7 19. Bxb7 Rb8 20. Bc6 Bd6
21. Qg4 Ne7 22. Bxh6 Ng6 23. Be3 Rb6 24. Be4 Ne5 25. Nxe5 Bxe5 26. dxe5 Re6 27. Qh5 g6 28. Qh6 f5 29. exf6 Qxf6 30. Bd5 Qe5
31. Qxg6+ Qg7 32. Qxg7+ Kxg7 33. Bxe6
1-0

[Event "It'll all be over by Christmas"]
[Site "SchemingMind.com"]
[Date "2014.08.13"]
[Round "-"]
[White "mochiron"]
[Black "abuteague"]
[Result "0-1"]
[WhiteCountry "JPN"]
[BlackCountry "USA"]
[WhiteElo "1426"]
[WhiteRD "68"]
[BlackElo "1664"]
[BlackRD "74"]
[GameID "362814"]

1. a3 d5 2. h3 e5 3. e3 Nf6 4. Bb5+ c6 5. Nf3 cxb5 6. Nxe5 Bd6 7. d4 O-O 8. O-O Bxe5 9. dxe5 Ne4 10. Nc3 Nxc3
11. bxc3 Qg5 12. e4 Qxe5 13. Bd2 Be6 14. exd5 Qxd5 15. Qe2 Nc6 16. f3 Qc5+ 17. Be3 Qxc3 18. Rad1 Qxa3 19. Bc1 Qc5+ 20. Kh1 a6
21. Be3 Qe5 22. f4 Qf6 23. Bc5 Rfe8 24. Bg1 Bc4 25. Qf2 Bxf1 26. Qxf1 h6 27. f5 Rad8 28. Rxd8 Rxd8 29. c4 bxc4 30. g4 c3
31. Qc1 Nb4 32. Bc5 Qc6+ 33. Kg1 Qxc5+ 34. Kg2 Rd2+ 35. Kf3 Qf2+ 36. Ke4 Rd4+ 37. Ke5 Nc6#
0-1

[Event "It'll all be over by Christmas"]
[Site "SchemingMind.com"]
[Date "2014.08.13"]
[Round "-"]
[White "abuteague"]
[Black "mochiron"]
[Result "1-0"]
[WhiteCountry "USA"]
[BlackCountry "JPN"]
[WhiteElo "1664"]
[WhiteRD "74"]
[BlackElo "1426"]
[BlackRD "68"]
[GameID "362815"]

1. d4 f5 2. g3 Nf6 3. Bg2 d5 4. Nc3 e6 5. Bg5 Be7 6. Nf3 O-O 7. O-O h6 8. Bxf6 Bxf6 9. e3 Nc6 10. a3 a6
11. Ne2 e5 12. dxe5 Nxe5 13. Nxe5 Bxe5 14. Qxd5+ Qxd5 15. Bxd5+ Kh8 16. c3 Bd7 17. Rab1 c6 18. Bg2 b5 19. Nd4 Bxd4 20. exd4 f4
21. Rfe1 fxg3 22. hxg3 Rad8 23. Re7 Bg4 24. Bxc6 Rf6 25. Bg2 Rdf8 26. f4 Bf5 27. Rd1 Bg4 28. Rde1 Bf5 29. Ra7 Bg4 30. Ree7 Rg8
31. Bd5 Rff8 32. Bxg8 Rxg8 33. Rxa6 Bc8 34. Ra8 Bg4 35. Rxg8+ Kxg8 36. Rb7 Kh7 37. Rxb5 h5 38. b4 Bf3 39. d5 h4 40. gxh4
1-0

[Event "It'll all be over by Christmas"]
[Site "SchemingMind.com"]
[Date "2014.08.13"]
[Round "-"]
[White "mochiron"]
[Black "klapa"]
[Result "1-0"]
[WhiteCountry "JPN"]
[BlackCountry "POL"]
[WhiteElo "1426"]
[WhiteRD "68"]
[BlackElo "1451"]
[BlackRD "63"]
[GameID "362816"]

1. b4 d5 2. Bb2 f6 3. e3 e5 4. b5 e4 5. Nc3 Bf5 6. Nh3 Nd7 7. Nxd5 Nc5 8. Nhf4 Bd6 9. Be2 Ne7 10. Nxe7 Qxe7
11. Nd5 Qe6 12. Bc4 Qd7 13. O-O Bh3 14. gxh3 Qxh3 15. Nf4 Bxf4 16. exf4 g5 17. fxg5 O-O-O 18. Bxf6 Rhg8 19. Bxg8 Rxg8 20. Qe2 h6
21. f3 hxg5 22. Bd4 Ne6 23. fxe4 Nxd4 24. Qc4 Nf3+ 25. Rxf3 Qg4+ 26. Rg3 Qd7 27. Qxg8+ Qd8 28. Qxd8+ Kxd8 29. Rxg5
1-0

[Event "It'll all be over by Christmas"]
[Site "SchemingMind.com"]
[Date "2014.08.13"]
[Round "-"]
[White "klapa"]
[Black "mochiron"]
[Result "1-0"]
[WhiteCountry "POL"]
[BlackCountry "JPN"]
[WhiteElo "1451"]
[WhiteRD "63"]
[BlackElo "1426"]
[BlackRD "68"]
[GameID "362817"]

1. b3 Nf6 2. Bb2 Nc6 3. d4 d5 4. Nf3 e6 5. e3 Bd6 6. Bd3 Ne4 7. O-O O-O 8. Nc3 Nxc3 9. Bxc3 Bd7 10. a4 Ne7
11. a5 Nf5 12. Bxf5 exf5 13. a6 b6 14. Ne5 Bxe5 15. dxe5 Be6 16. Bd4 f6 17. exf6 gxf6 18. c4 Bf7 19. cxd5 Qxd5 20. Ra4 b5
21. Ra5 Rab8 22. b4 c6 23. Bxa7 Ra8 24. Qxd5 Bxd5 25. Bc5 Rfe8 26. a7 Bc4 27. Rd1 Re7 28. Bxe7 Kf7 29. Rd7 Kg6 30. Rc7 Re8
31. a8=Q Rxa8 32. Rxa8 h5 33. Rxc6 Kg5 34. f4+
1-0

[Event "It'll all be over by Christmas"]
[Site "SchemingMind.com"]
[Date "2014.08.13"]
[Round "-"]
[White "mochiron"]
[Black "Shanks"]
[Result "0-1"]
[WhiteCountry "JPN"]
[BlackCountry "ENG"]
[WhiteElo "1406"]
[WhiteRD "68"]
[BlackElo "1389"]
[BlackRD "72"]
[GameID "362854"]

1. a3 e5 2. h3 Nc6 3. e3 g6 4. Bb5 Nce7 5. Nf3 Bg7 6. Nc3 c6 7. Be2 d5 8. O-O e4 9. Nd4 Nf6 10. Bg4 O-O
11. Bxc8 Qxc8 12. Nce2 a6 13. d3 c5 14. Nb3 exd3 15. cxd3 d4 16. exd4 cxd4 17. Nbxd4 b5 18. Bf4 Nfd5 19. Nc3 Nxf4 20. Ne4 Bxd4
21. Kh1 Bxb2 22. Rb1 Bg7 23. Qf3 Ne6 24. Rbc1 Qd7 25. Nc5 Nxc5 26. Rxc5 Rac8 27. Rxc8 Rxc8 28. Re1 Nf5 29. Rd1 Nd4 30. Qf4 Ne6
31. Qe4 Nc5 32. Qe3 Ne6 33. f4 f5 34. h4 h5 35. Re1 Re8 36. Qb6 Kh7 37. Qxa6 Nxf4 38. Rxe8 Qxe8 39. g3 Nxd3 40. Qd6 Nf2+
41. Kg2 Qe2
0-1

[Event "It'll all be over by Christmas"]
[Site "SchemingMind.com"]
[Date "2014.08.13"]
[Round "-"]
[White "Shanks"]
[Black "mochiron"]
[Result "1-0"]
[WhiteCountry "ENG"]
[BlackCountry "JPN"]
[WhiteElo "1378"]
[WhiteRD "67"]
[BlackElo "1426"]
[BlackRD "68"]
[GameID "362855"]

1. e4 c5 2. c3 Nc6 3. Nf3 d6 4. d4 cxd4 5. cxd4 e6 6. d5 exd5 7. exd5 Ne5 8. Nxe5 dxe5 9. Bc4 Bd6 10. O-O Nf6
11. Nd2 Bf5 12. Nf3 h6 13. Nh4 Bd7 14. Qd3 e4 15. Qc2 O-O 16. g3 Bh3 17. Re1 a6 18. Be3 Nh7 19. Qxe4 Re8 20. Qc2 b5
21. Bd3 Rc8 22. Qd2 Rxe3 23. Qxe3 Qf6 24. b3 Bc5 25. Qf3 Qxf3 26. Nxf3 Bd6 27. Be4 Nf6 28. Nd2 Nxe4 29. Nxe4 Be5 30. Rad1 Bc3
31. Nxc3 Rxc3 32. d6 Bd7 33. Re7 Bc6 34. d7 Bf3 35. d8=Q+ Kh7 36. Rde1 f5 37. Qf8 Kg6 38. Rxg7+ Kh5 39. Qxf5#
1-0

[Event "It'll all be over by Christmas"]
[Site "SchemingMind.com"]
[Date "2014.08.10"]
[Round "-"]
[White "cnile"]
[Black "Shanks"]
[Result "1-0"]
[WhiteCountry "SCO"]
[BlackCountry "ENG"]
[WhiteElo "1546"]
[WhiteRD "66"]
[BlackElo "1419"]
[BlackRD "69"]
[GameID "362858"]

1. e4 d6 2. Nf3 e5 3. Nc3 c6 4. d4 Nd7 5. dxe5 dxe5 6. Be3 Qc7 7. Bc4 Bd6 8. Ng5 h6 9. Bxf7+ Kf8 10. Qf3 Ndf6
11. Ne6+ Ke7 12. Nxc7 Bxc7 13. Bb3 Bd7 14. O-O-O a5 15. Bc5+ Ke8 16. Rhe1 b6 17. Be3 Bg4 18. Qg3 Bxd1 19. Rxd1 Kf8 20. Qg6
1-0

[Event "It'll all be over by Christmas"]
[Site "SchemingMind.com"]
[Date "2014.08.09"]
[Round "-"]
[White "Shanks"]
[Black "cnile"]
[Result "0-1"]
[WhiteCountry "ENG"]
[BlackCountry "SCO"]
[WhiteElo "1378"]
[WhiteRD "64"]
[BlackElo "1512"]
[BlackRD "64"]
[GameID "362859"]

1. Nf3 Nf6 2. d4 d5 3. h3 c5 4. e3 e6 5. Nc3 Nc6 6. Be2 Qb6 7. O-O Bd6 8. b3 cxd4 9. exd4 Bd7 10. Be3 Rc8
11. Na4 Qc7 12. Nb2 Ne4 13. Nd3 Nc3 14. Qe1 O-O 15. Nfe5 Nxe2+ 16. Qxe2 Nxe5 17. Nc5 Ng6 18. Nxd7 Qxd7 19. Rfc1 Qe7 20. Qd2 Bb4
21. Qe2 Ba3 22. Rd1 Bd6 23. a4 Qh4 24. Rac1 Nf4 25. Bxf4 Bxf4 26. Qg4 Qxg4 27. hxg4 Bxc1 28. Rxc1 Rc3 29. f3 Rfc8 30. Kh2 Rxc2
31. Rxc2 Rxc2 32. b4 Rc4 33. a5 Rxb4 34. Kh3 Rxd4 35. Kg3 g5
0-1

[Event "It'll all be over by Christmas"]
[Site "SchemingMind.com"]
[Date "2014.08.14"]
[Round "-"]
[White "Shanks"]
[Black "abuteague"]
[Result "0-1"]
[WhiteCountry "ENG"]
[BlackCountry "USA"]
[WhiteElo "1378"]
[WhiteRD "64"]
[BlackElo "1657"]
[BlackRD "69"]
[GameID "362860"]

1. d4 c6 2. e4 d5 3. e5 Bf5 4. Nc3 e6 5. Be3 Nd7 6. Nf3 c5 7. dxc5 Bxc5 8. Bf4 Ne7 9. Be2 O-O 10. O-O Ng6
11. Bg5 Qc7 12. Bc1 Ndxe5 13. Nd2 a6 14. a3 Qc6 15. Nf3 Nxf3+ 16. Bxf3 Nh4 17. Bg4 d4 18. Na2 Qxg2#
0-1

[Event "It'll all be over by Christmas"]
[Site "SchemingMind.com"]
[Date "2014.08.14"]
[Round "-"]
[White "abuteague"]
[Black "Shanks"]
[Result "1-0"]
[WhiteCountry "USA"]
[BlackCountry "ENG"]
[WhiteElo "1657"]
[WhiteRD "69"]
[BlackElo "1378"]
[BlackRD "64"]
[GameID "362861"]

1. d4 Nf6 2. Bg5 Ne4 3. Bf4 d5 4. f3 Nf6 5. Nd2 Nc6 6. c3 h6 7. e4 Nh5 8. Be3 dxe4 9. Nxe4 f5 10. Nc5 f4
11. Bf2 g5 12. Bb5 a6 13. Bxc6+ bxc6 14. Ne2 Nf6 15. Qa4 Qd6 16. h4 Bg7 17. hxg5 hxg5 18. Rxh8+ Bxh8 19. O-O-O Bg7 20. Rh1 Kf8
21. Ng1 Nd5 22. Nh3 Bxh3 23. Rxh3 Nb6 24. Qc2 a5 25. Qf5+ Qf6 26. Ne6+ Ke8 27. Qxf6 Bxf6 28. Nxc7+ Kd7 29. Nxa8 Nxa8 30. g3 a4
31. gxf4 gxf4 32. Kd2 Nb6 33. Rh7 Nc4+ 34. Kc2 Ne3+ 35. Bxe3 fxe3 36. Kd3 Bg5 37. Rh5 Bf4 38. Ra5 e6 39. Rxa4 Kd6 40. Ra5 Bh6
41. Re5 Bg7 42. Rxe3 e5 43. Rxe5 Bxe5 44. dxe5+ Kxe5 45. a4 Kd5 46. f4 Ke6 47. a5 Kd7 48. f5 Ke7 49. a6
1-0

[Event "It'll all be over by Christmas"]
[Site "SchemingMind.com"]
[Date "2014.08.10"]
[Round "-"]
[White "Shanks"]
[Black "klapa"]
[Result "1-0"]
[WhiteCountry "ENG"]
[BlackCountry "POL"]
[WhiteElo "1419"]
[WhiteRD "69"]
[BlackElo "1404"]
[BlackRD "61"]
[GameID "362862"]

1. Nf3 Nc6 2. d4 d5 3. a3 Be6 4. e3 Qd6 5. Nbd2 O-O-O 6. Nb3 g6 7. Bd2 Bf5 8. Nh4 e6 9. Nxf5 exf5 10. Nc5 Qf6
11. b4 Nh6 12. b5 Bxc5 13. bxc6 Qxc6 14. dxc5 Qxc5 15. a4 d4 16. Bd3 Qd5 17. O-O Qd6 18. e4 Ng4 19. g3 h5 20. exf5 h4
21. Qxg4 hxg3 22. fxg6+ Rd7 23. fxg3 fxg6 24. Bf4 Qc6 25. Bb5 Qd5 26. Bxd7+ Qxd7 27. Qxd7+ Kxd7 28. Rfd1 Re8 29. Rxd4+ Ke6 30. Re4+ Kf7
31. Rxe8 Kxe8 32. Bxc7 Kd7 33. Bf4 Ke6 34. c4 b6 35. Re1+ Kf5 36. Bb8 a6 37. Re5+ Kg4 38. Re6 g5 39. Rxb6 a5 40. c5 Kf5
41. c6 Ke6 42. Rb5 Ke7 43. c7 Kd7 44. Rxa5 Kc6 45. Rxg5 Kd6 46. h4 Kc6 47. c8=Q+ Kb6 48. a5#
1-0

[Event "It'll all be over by Christmas"]
[Site "SchemingMind.com"]
[Date "2014.08.10"]
[Round "-"]
[White "klapa"]
[Black "Shanks"]
[Result "0-1"]
[WhiteCountry "POL"]
[BlackCountry "ENG"]
[WhiteElo "1404"]
[WhiteRD "61"]
[BlackElo "1419"]
[BlackRD "69"]
[GameID "362863"]

1. e4 d6 2. d4 g6 3. c4 Bg7 4. b3 b6 5. Bb2 Nd7 6. Na3 Bb7 7. Bd3 e6 8. Nf3 a6 9. O-O h5 10. e5 d5
11. cxd5 Bxd5 12. Rc1 Nh6 13. Qd2 O-O 14. Ng5 Kh8 15. Rce1 Ng4 16. Qf4 Qe7 17. Rc1 Nb8 18. Rc3 a5 19. Be2 Nc6 20. Rh3 Bh6
21. Bxg4 Bxg5 22. Qg3 h4 23. Rxh4+ Bxh4 24. Qh3 Kg7 25. Nb5 Rh8 26. Ba3 Qd8 27. g3 Bg5 28. Bh5 Rxh5 29. Qg4 a4 30. h4 axb3
31. hxg5 bxa2 32. Bb2 Bc4 33. Nc3 b5 34. Re1 b4 35. Ne4 Bd5 36. Nf6 Rh1#
0-1